| 000 -LEADER |
| fixed length control field |
01632 a2200265 4500 |
| 003 - CONTROL NUMBER IDENTIFIER |
| control field |
Nust |
| 005 - DATE AND TIME OF LATEST TRANSACTION |
| control field |
20221208101019.0 |
| 010 ## - LIBRARY OF CONGRESS CONTROL NUMBER |
| LC control number |
98175544 |
| 020 ## - INTERNATIONAL STANDARD BOOK NUMBER |
| International Standard Book Number |
0852969198 |
| 035 ## - SYSTEM CONTROL NUMBER |
| System control number |
(OCoLC)38227396 |
| 040 ## - CATALOGING SOURCE |
| Transcribing agency |
Nust |
| 082 ## - DEWEY DECIMAL CLASSIFICATION NUMBER |
| Classification number |
621.382,OOD |
| 100 1# - MAIN ENTRY--PERSONAL NAME |
| Personal name |
Oodan, A. P. |
| 9 (RLIN) |
97397 |
| 245 10 - TITLE STATEMENT |
| Title |
Quality of service in telecommunications / |
| Statement of responsibility, etc. |
A.P. Oodan, K.E. Ward and A.W. Mullee. |
| 260 ## - PUBLICATION, DISTRIBUTION, ETC. |
| Place of publication, distribution, etc. |
London : |
| Name of publisher, distributor, etc. |
Institution of Electrical Engineers, |
| Date of publication, distribution, etc. |
c1997. |
| 300 ## - PHYSICAL DESCRIPTION |
| Extent |
xxiii, 375 p. : |
| Other physical details |
ill. ; |
| Dimensions |
24 cm. |
| 490 1# - SERIES STATEMENT |
| Series statement |
IEE telecommunications series ; |
| Volume/sequential designation |
v. 39 |
| 505 ## - FORMATTED CONTENTS NOTE |
| Formatted contents note |
Introduction to Quality of Service (Page-1), Key Issues of Quality of Service (Page-12), Review of Major Studies (Page-19), A Framework for Quality of Service Management (Page-35), Customer’s Quality of Service Requirements (Page-47), Quality of Service Offered (Page-67), Quality of Services Delivered (Page-84), Customer Perception of Quality of Service (Page-97), Service Surround and Service Management (Page-116), Network Performance Engineering (Page-136), Network Integrity (Page-168), Economics of Quality of Service (Page-200), Role of Standards (Page-221), Role of user Groups (Page-242), Role of Regulation (Page-253), Comparisons of Quality of Service (Page-272), Practical Management of Quality of Service (Page-294), Quality of Service: The Future (Page-313), Standardizing the Framework (Page-333) |
| 650 #0 - SUBJECT ADDED ENTRY--TOPICAL TERM |
| Topical term or geographic name entry element |
Telecommunication Engineering |
| 650 #0 - SUBJECT ADDED ENTRY--TOPICAL TERM |
| Topical term or geographic name entry element |
Telecommunication |
| General subdivision |
Reliability. |
| 9 (RLIN) |
104408 |
| 700 1# - ADDED ENTRY--PERSONAL NAME |
| Personal name |
Mullee, A. W. |
| 9 (RLIN) |
97398 |
| 700 1# - ADDED ENTRY--PERSONAL NAME |
| Personal name |
Ward, K. E. |
| 9 (RLIN) |
97399 |
| 830 #0 - SERIES ADDED ENTRY--UNIFORM TITLE |
| Uniform title |
IEE telecommunications series ; |
| 9 (RLIN) |
94245 |
| 942 ## - ADDED ENTRY ELEMENTS (KOHA) |
| Source of classification or shelving scheme |
|
| Koha item type |
Book |